[Event "ABC-4 2025 Groep B"]
[Site "Utrecht"]
[Date "2025.03.15"]
[Round "4.9"]
[White "Hagen, Carlijn"]
[Black "Xu, Nicholas M"]
[Result "1/2-1/2"]
[WhiteFideId "8829128"]
[BlackFideId "8883281"]
[WhiteElo "1910"]
[BlackElo "1794"]

1. e4 {[%clk 00:55:06]} {[%emt 00:00:14]} c6 {[%clk 00:55:02]} {[%emt
00:00:18]} 2. d4 {[%clk 00:55:04]} {[%emt 00:00:12]} d5 {[%clk 00:55:06]}
{[%emt 00:00:06]} 3. exd5 {[%clk 00:55:08]} {[%emt 00:00:06]} cxd5 {[%clk
00:55:07]} {[%emt 00:00:08]} 4. Nf3 {[%clk 00:55:06]} {[%emt 00:00:12]} Nc6
{[%clk 00:55:01]} {[%emt 00:00:16]} 5. Bf4 {[%clk 00:54:40]} {[%emt 00:00:35]}
Nf6 {[%clk 00:54:29]} {[%emt 00:00:43]} 6. c3 {[%clk 00:54:08]} {[%emt
00:00:42]} Bg4 {[%clk 00:54:16]} {[%emt 00:00:23]} 7. Nbd2 {[%clk 00:53:34]}
{[%emt 00:00:45]} e6 {[%clk 00:53:52]} {[%emt 00:00:34]} 8. Be2 {[%clk
00:51:55]} {[%emt 00:01:48]} Bd6 {[%clk 00:51:47]} {[%emt 00:02:16]} 9. Ne5
{[%clk 00:51:26]} {[%emt 00:00:39]} Bf5 {[%clk 00:49:56]} {[%emt 00:02:00]} 10.
h3 {[%clk 00:49:52]} {[%emt 00:01:43]} a6 {[%clk 00:42:42]} {[%emt 00:07:25]}
11. O-O {[%clk 00:45:01]} {[%emt 00:04:59]} O-O {[%clk 00:41:39]} {[%emt
00:01:16]} 12. Re1 {[%clk 00:44:24]} {[%emt 00:00:47]} Qc7 {[%clk 00:41:04]}
{[%emt 00:00:45]} 13. Bf1 {[%clk 00:42:37]} {[%emt 00:01:56]} Ne4 {[%clk
00:38:53]} {[%emt 00:02:21]} 14. Bh2 {[%clk 00:37:20]} {[%emt 00:05:27]} Nxe5
{[%clk 00:35:27]} {[%emt 00:03:36]} 15. dxe5 {[%clk 00:36:45]} {[%emt
00:00:45]} Bc5 {[%clk 00:33:40]} {[%emt 00:01:57]} 16. Nxe4 {[%clk 00:36:08]}
{[%emt 00:00:48]} Bxe4 {[%clk 00:33:21]} {[%emt 00:00:29]} 17. Bg3 {[%clk
00:35:16]} {[%emt 00:01:01]} Rfc8 {[%clk 00:31:33]} {[%emt 00:01:58]} 18. Bd3
{[%clk 00:34:29]} {[%emt 00:00:57]} Bxd3 {[%clk 00:30:12]} {[%emt 00:01:32]} 19.
Qxd3 {[%clk 00:34:29]} {[%emt 00:00:09]} b5 {[%clk 00:29:51]} {[%emt 00:00:30]}
20. b4 {[%clk 00:30:20]} {[%emt 00:04:20]} Be7 {[%clk 00:29:12]} {[%emt
00:00:48]} 21. Rac1 {[%clk 00:28:25]} {[%emt 00:02:05]} Bg5 {[%clk 00:28:45]}
{[%emt 00:00:38]} 22. f4 {[%clk 00:27:50]} {[%emt 00:00:45]} Bh6 {[%clk
00:28:31]} {[%emt 00:00:25]} 23. Rf1 {[%clk 00:25:33]} {[%emt 00:02:26]} Qc4
{[%clk 00:28:13]} {[%emt 00:00:28]} 24. Qd2 {[%clk 00:19:45]} {[%emt 00:05:58]}
a5 {[%clk 00:25:08]} {[%emt 00:03:15]} 25. a3 {[%clk 00:18:13]} {[%emt
00:01:42]} axb4 {[%clk 00:24:48]} {[%emt 00:00:29]} 26. cxb4 {[%clk 00:18:03]}
{[%emt 00:00:20]} Qb3 {[%clk 00:21:36]} {[%emt 00:03:21]} 27. Rf3 {[%clk
00:17:49]} {[%emt 00:00:24]} Qa4 {[%clk 00:18:29]} {[%emt 00:03:17]} 28. Rfc3
{[%clk 00:17:10]} {[%emt 00:00:49]} Rc4 {[%clk 00:18:06]} {[%emt 00:00:34]} 29.
Rxc4 {[%clk 00:15:18]} {[%emt 00:02:02]} bxc4 {[%clk 00:17:20]} {[%emt
00:00:55]} 30. Rc3 {[%clk 00:14:19]} {[%emt 00:01:10]} g6 {[%clk 00:13:39]}
{[%emt 00:03:51]} 31. Bf2 {[%clk 00:13:40]} {[%emt 00:00:48]} Bf8 {[%clk
00:13:24]} {[%emt 00:00:25]} 32. Rf3 {[%clk 00:10:17]} {[%emt 00:03:33]} Be7
{[%clk 00:11:32]} {[%emt 00:02:03]} 33. Bd4 {[%clk 00:09:02]} {[%emt 00:01:25]}
Rc8 {[%clk 00:10:44]} {[%emt 00:00:57]} 34. Rc3 {[%clk 00:08:04]} {[%emt
00:01:09]} Rc6 {[%clk 00:09:00]} {[%emt 00:01:55]} 35. Kf2 {[%clk 00:07:32]}
{[%emt 00:00:42]} Rc8 {[%clk 00:08:26]} {[%emt 00:00:44]} 36. Qc2 {[%clk
00:07:20]} {[%emt 00:00:22]} Qb5 {[%clk 00:07:49]} {[%emt 00:00:47]} 37. g3
{[%emt 00:01:55]} g5 {[%emt 00:00:11]} 1/2-1/2

[Event "ABC-4 2025 Groep B"]
[Site "Utrecht"]
[Date "2025.03.15"]
[Round "4.10"]
[White "Haque, Nishaaz"]
[Black "Elferink, Duncan"]
[Result "1-0"]
[WhiteFideId "8874591"]
[BlackFideId "8771422"]
[WhiteElo "1874"]
[BlackElo "1653"]

1. e4 {[%clk 00:55:16]} {[%emt 00:00:04]} b6 {[%clk 00:55:15]} {[%emt
00:00:06]} 2. Nc3 {[%clk 00:55:13]} {[%emt 00:00:13]} Bb7 {[%clk 00:55:18]}
{[%emt 00:00:07]} 3. d4 {[%clk 00:55:14]} {[%emt 00:00:09]} e6 {[%clk
00:55:20]} {[%emt 00:00:07]} 4. Bd3 {[%clk 00:55:16]} {[%emt 00:00:08]} Bb4
{[%clk 00:55:21]} {[%emt 00:00:10]} 5. Nge2 {[%clk 00:55:15]} {[%emt 00:00:10]}
Nf6 {[%clk 00:55:15]} {[%emt 00:00:16]} 6. a3 {[%clk 00:55:13]} {[%emt
00:00:14]} Bxc3+ {[%clk 00:55:05]} {[%emt 00:00:19]} 7. Nxc3 {[%clk 00:55:18]}
{[%emt 00:00:05]} d5 {[%clk 00:54:54]} {[%emt 00:00:20]} 8. e5 {[%clk
00:53:02]} {[%emt 00:02:26]} Nfd7 {[%clk 00:54:50]} {[%emt 00:00:15]} 9. Ne2
{[%clk 00:53:05]} {[%emt 00:00:07]} c5 {[%clk 00:54:32]} {[%emt 00:00:28]} 10.
c3 {[%clk 00:53:09]} {[%emt 00:00:05]} Nc6 {[%clk 00:54:02]} {[%emt 00:00:41]}
11. O-O {[%clk 00:52:57]} {[%emt 00:00:22]} Qe7 {[%clk 00:51:22]} {[%emt
00:02:50]} 12. b4 {[%clk 00:51:22]} {[%emt 00:01:45]} c4 {[%clk 00:50:17]}
{[%emt 00:01:15]} 13. Bb1 {[%clk 00:50:31]} {[%emt 00:01:01]} b5 {[%clk
00:49:11]} {[%emt 00:01:17]} 14. f4 {[%clk 00:50:04]} {[%emt 00:00:36]} h6
{[%clk 00:41:54]} {[%emt 00:07:26]} 15. f5 {[%clk 00:49:53]} {[%emt 00:00:22]}
O-O-O {[%clk 00:41:38]} {[%emt 00:00:26]} 16. Nf4 {[%clk 00:49:04]} {[%emt
00:00:58]} Rdf8 {[%clk 00:40:20]} {[%emt 00:01:28]} 17. fxe6 {[%clk 00:47:50]}
{[%emt 00:01:25]} g5 {[%clk 00:40:14]} {[%emt 00:00:16]} 18. exd7+ {[%clk
00:47:47]} {[%emt 00:00:14]} Qxd7 {[%clk 00:39:49]} {[%emt 00:00:35]} 19. Nh5
{[%clk 00:47:38]} {[%emt 00:00:18]} Ne7 {[%clk 00:38:51]} {[%emt 00:01:09]} 20.
Nf6 {[%clk 00:47:18]} {[%emt 00:00:30]} Qe6 {[%clk 00:38:54]} {[%emt 00:00:07]}
21. Qg4 {[%clk 00:47:10]} {[%emt 00:00:17]} Qxg4 {[%clk 00:38:34]} {[%emt
00:00:30]} 22. Nxg4 {[%clk 00:47:16]} {[%emt 00:00:05]} Kc7 {[%clk 00:38:26]}
{[%emt 00:00:19]} 23. Nf6 {[%clk 00:47:06]} {[%emt 00:00:18]} Ng8 {[%emt
00:00:14]} 24. Nh5 {[%emt 00:00:20]} Bc8 {[%clk 00:37:36]} {[%emt 00:00:26]} 25.
Ng7 {[%clk 00:46:20]} {[%emt 00:00:55]} Rh7 {[%clk 00:37:17]} {[%emt 00:00:30]}
26. Bxh7 {[%clk 00:46:25]} {[%emt 00:00:05]} 1-0

[Event "ABC-4 2025 Groep B"]
[Site "Utrecht"]
[Date "2025.03.16"]
[Round "5.1"]
[White "Katpatal, Akshaj"]
[Black "Teianu, Maxim"]
[Result "0-1"]
[WhiteFideId "8800165"]
[BlackFideId "8926093"]
[WhiteElo "1974"]
[BlackElo "1986"]

1. e4 {[%clk 00:50:55]} {[%emt 00:04:24]} e6 {[%clk 00:55:13]} {[%emt
00:00:06]} 2. d4 {[%clk 00:50:55]} {[%emt 00:00:11]} d5 {[%clk 00:55:20]}
{[%emt 00:00:04]} 3. Nd2 {[%clk 00:50:55]} {[%emt 00:00:09]} dxe4 {[%clk
00:54:27]} {[%emt 00:01:03]} 4. Nxe4 {[%clk 00:50:56]} {[%emt 00:00:10]} Bd7
{[%clk 00:54:32]} {[%emt 00:00:05]} 5. Be3 {[%clk 00:50:44]} {[%emt 00:00:21]}
Bc6 {[%clk 00:54:24]} {[%emt 00:00:18]} 6. Ng3 {[%clk 00:50:40]} {[%emt
00:00:14]} Nf6 {[%clk 00:53:51]} {[%emt 00:00:43]} 7. Nf3 {[%clk 00:50:23]}
{[%emt 00:00:27]} Nbd7 {[%clk 00:53:15]} {[%emt 00:00:47]} 8. Bd3 {[%clk
00:49:26]} {[%emt 00:01:07]} g6 {[%clk 00:52:37]} {[%emt 00:00:48]} 9. c3
{[%clk 00:49:05]} {[%emt 00:00:31]} Bg7 {[%clk 00:52:05]} {[%emt 00:00:41]} 10.
Qe2 {[%clk 00:44:11]} {[%emt 00:05:05]} Qe7 {[%clk 00:48:13]} {[%emt 00:04:02]}
11. Bb5 {[%clk 00:35:56]} {[%emt 00:08:24]} Bxf3 {[%clk 00:43:05]} {[%emt
00:05:20]} 12. Qxf3 {[%clk 00:35:31]} {[%emt 00:00:35]} c6 {[%clk 00:42:59]}
{[%emt 00:00:16]} 13. Bd3 {[%clk 00:34:40]} {[%emt 00:00:53]} Nd5 {[%clk
00:41:58]} {[%emt 00:01:18]} 14. Bc4 {[%clk 00:32:44]} {[%emt 00:02:05]} N5b6
{[%clk 00:38:18]} {[%emt 00:03:52]} 15. Bb3 {[%clk 00:32:02]} {[%emt 00:00:52]}
Nd5 {[%clk 00:36:06]} {[%emt 00:02:22]} 16. Ne2 {[%clk 00:29:26]} {[%emt
00:02:44]} Qf6 {[%clk 00:33:28]} {[%emt 00:02:50]} 17. Nf4 {[%clk 00:23:50]}
{[%emt 00:05:45]} Nxf4 {[%clk 00:32:28]} {[%emt 00:01:11]} 18. Qxf4 {[%clk
00:23:42]} {[%emt 00:00:17]} Qxf4 {[%clk 00:30:42]} {[%emt 00:01:57]} 19. Bxf4
{[%clk 00:23:48]} {[%emt 00:00:05]} O-O {[%clk 00:28:23]} {[%emt 00:02:28]} 20.
O-O {[%clk 00:23:24]} {[%emt 00:00:35]} Rfe8 {[%clk 00:28:00]} {[%emt
00:00:33]} 21. Rfe1 {[%clk 00:23:18]} {[%emt 00:00:15]} Rac8 {[%clk 00:27:27]}
{[%emt 00:00:43]} 22. Re3 {[%clk 00:22:10]} {[%emt 00:01:17]} a6 {[%clk
00:26:54]} {[%emt 00:00:45]} 23. Bd6 {[%clk 00:15:30]} {[%emt 00:06:48]} Nf6
{[%clk 00:26:11]} {[%emt 00:00:53]} 24. f3 {[%clk 00:14:59]} {[%emt 00:00:41]}
Nd5 {[%clk 00:25:35]} {[%emt 00:00:46]} 25. Re2 {[%clk 00:14:34]} {[%emt
00:00:34]} Red8 {[%clk 00:23:45]} {[%emt 00:02:03]} 26. Bg3 {[%clk 00:14:37]}
{[%emt 00:00:06]} Bf8 {[%clk 00:22:18]} {[%emt 00:01:36]} 27. Bxd5 {[%clk
00:14:14]} {[%emt 00:00:34]} cxd5 {[%clk 00:21:41]} {[%emt 00:00:47]} 28. Rae1
{[%clk 00:12:28]} {[%emt 00:01:56]} b5 {[%clk 00:21:15]} {[%emt 00:00:36]} 29.
a3 {[%clk 00:12:11]} {[%emt 00:00:28]} Rc4 {[%clk 00:21:01]} {[%emt 00:00:24]}
30. Be5 {[%clk 00:11:52]} {[%emt 00:00:29]} Bg7 {[%clk 00:19:46]} {[%emt
00:01:26]} 31. Bxg7 {[%clk 00:10:59]} {[%emt 00:01:03]} Kxg7 {[%clk 00:19:50]}
{[%emt 00:00:05]} 32. Re3 {[%clk 00:10:43]} {[%emt 00:00:25]} Rdc8 {[%clk
00:19:36]} {[%emt 00:00:25]} 33. Kf2 {[%clk 00:10:08]} {[%emt 00:00:45]} a5
{[%clk 00:19:40]} {[%emt 00:00:07]} 34. Ke2 {[%clk 00:09:05]} {[%emt 00:01:12]}
b4 {[%clk 00:18:58]} {[%emt 00:00:51]} 35. Kd2 {[%clk 00:07:39]} {[%emt
00:01:37]} bxc3+ {[%clk 00:18:18]} {[%emt 00:00:50]} 36. bxc3 {[%clk 00:07:46]}
{[%emt 00:00:03]} Rb8 {[%clk 00:18:04]} {[%emt 00:00:24]} 37. Kc2 {[%clk
00:07:50]} {[%emt 00:00:06]} a4 {[%clk 00:17:56]} {[%emt 00:00:20]} 38. Rb1
{[%clk 00:07:31]} {[%emt 00:00:28]} Rxb1 {[%clk 00:17:59]} {[%emt 00:00:07]} 39.
Kxb1 {[%clk 00:07:36]} {[%emt 00:00:05]} Rc6 {[%clk 00:17:49]} {[%emt
00:00:20]} 40. f4 {[%clk 00:07:22]} {[%emt 00:00:23]} Rb6+ {[%clk 00:17:43]}
{[%emt 00:00:17]} 41. Ka2 {[%clk 00:07:28]} {[%emt 00:00:04]} Rb3 {[%clk
00:17:39]} {[%emt 00:00:13]} 42. g4 {[%clk 00:07:28]} {[%emt 00:00:10]} Kf6
{[%clk 00:17:08]} {[%emt 00:00:41]} 43. Rh3 {[%clk 00:07:05]} {[%emt 00:00:33]}
Kg7 {[%clk 00:16:59]} {[%emt 00:00:19]} 44. Re3 {[%clk 00:06:38]} {[%emt
00:00:36]} h5 {[%clk 00:13:56]} {[%emt 00:03:12]} 45. gxh5 {[%clk 00:05:44]}
{[%emt 00:01:04]} gxh5 {[%clk 00:14:00]} {[%emt 00:00:05]} 46. h4 {[%clk
00:05:30]} {[%emt 00:00:24]} Kf6 {[%clk 00:13:39]} {[%emt 00:00:31]} 47. Re5
{[%clk 00:05:16]} {[%emt 00:00:25]} Rxc3 {[%clk 00:13:44]} {[%emt 00:00:06]} 48.
Rxh5 {[%clk 00:05:18]} {[%emt 00:00:08]} Rc4 {[%clk 00:12:55]} {[%emt
00:00:59]} 49. Rh6+ {[%clk 00:05:08]} {[%emt 00:00:20]} Kg7 {[%clk 00:12:59]}
{[%emt 00:00:05]} 50. Rh5 {[%clk 00:05:13]} {[%emt 00:00:05]} Rxd4 {[%clk
00:13:03]} {[%emt 00:00:07]} 51. f5 {[%clk 00:05:19]} {[%emt 00:00:04]} e5
{[%clk 00:12:33]} {[%emt 00:00:41]} 52. Kb2 {[%clk 00:05:24]} {[%emt 00:00:05]}
Rf4 {[%clk 00:12:17]} {[%emt 00:00:26]} 53. Kc3 {[%clk 00:05:24]} {[%emt
00:00:10]} Kf6 {[%clk 00:12:09]} {[%emt 00:00:18]} 0-1

[Event "ABC-4 2025 Groep B"]
[Site "Utrecht"]
[Date "2025.03.16"]
[Round "5.2"]
[White "De Wit, Evan"]
[Black "Kolijn, David"]
[Result "0-1"]
[WhiteFideId "8935949"]
[BlackFideId "8881345"]
[WhiteElo "2049"]
[BlackElo "1900"]

1. d4 {[%clk 00:55:09]} {[%emt 00:00:11]} d5 {[%clk 00:55:13]} {[%emt
00:00:07]} 2. c4 {[%clk 00:55:12]} {[%emt 00:00:07]} dxc4 {[%clk 00:55:18]}
{[%emt 00:00:06]} 3. Nf3 {[%clk 00:55:12]} {[%emt 00:00:10]} b5 {[%clk
00:55:18]} {[%emt 00:00:10]} 4. e3 {[%clk 00:55:14]} {[%emt 00:00:07]} c6
{[%clk 00:53:05]} {[%emt 00:02:24]} 5. a4 {[%clk 00:55:14]} {[%emt 00:00:10]}
Nf6 {[%clk 00:52:25]} {[%emt 00:00:49]} 6. Nc3 {[%clk 00:55:04]} {[%emt
00:00:21]} b4 {[%clk 00:52:21]} {[%emt 00:00:14]} 7. Nb1 {[%clk 00:54:20]}
{[%emt 00:00:54]} Ba6 {[%clk 00:50:24]} {[%emt 00:02:06]} 8. Qc2 {[%clk
00:51:51]} {[%emt 00:02:39]} Qd5 {[%clk 00:49:33]} {[%emt 00:01:01]} 9. Nbd2
{[%clk 00:51:39]} {[%emt 00:00:23]} e6 {[%clk 00:40:47]} {[%emt 00:08:57]} 10.
e4 {[%clk 00:49:46]} {[%emt 00:02:02]} Qd8 {[%clk 00:35:25]} {[%emt 00:05:32]}
11. Bxc4 {[%clk 00:49:48]} {[%emt 00:00:09]} c5 {[%clk 00:32:29]} {[%emt
00:03:06]} 12. O-O {[%clk 00:49:21]} {[%emt 00:00:37]} Be7 {[%clk 00:31:34]}
{[%emt 00:01:05]} 13. b3 {[%clk 00:46:39]} {[%emt 00:02:52]} O-O {[%clk
00:30:18]} {[%emt 00:01:25]} 14. Bb2 {[%clk 00:46:34]} {[%emt 00:00:16]} Bxc4
{[%clk 00:26:45]} {[%emt 00:03:43]} 15. Nxc4 {[%clk 00:45:50]} {[%emt
00:00:54]} Nbd7 {[%clk 00:26:20]} {[%emt 00:00:35]} 16. Rad1 {[%clk 00:45:21]}
{[%emt 00:00:39]} cxd4 {[%clk 00:24:48]} {[%emt 00:01:42]} 17. Bxd4 {[%clk
00:44:02]} {[%emt 00:01:28]} Qc7 {[%clk 00:24:10]} {[%emt 00:00:48]} 18. Rc1
{[%clk 00:40:56]} {[%emt 00:03:16]} Rac8 {[%clk 00:22:34]} {[%emt 00:01:47]} 19.
Rfd1 {[%clk 00:38:35]} {[%emt 00:02:32]} Rfd8 {[%clk 00:21:43]} {[%emt
00:01:00]} 20. e5 {[%clk 00:36:54]} {[%emt 00:01:52]} Nd5 {[%clk 00:21:08]}
{[%emt 00:00:45]} 21. Bb2 {[%clk 00:27:28]} {[%emt 00:09:37]} h6 {[%clk
00:16:04]} {[%emt 00:05:14]} 22. g3 {[%clk 00:26:22]} {[%emt 00:01:16]} a6
{[%clk 00:13:10]} {[%emt 00:03:05]} 23. Qe2 {[%clk 00:24:42]} {[%emt 00:01:49]}
Nc5 {[%clk 00:12:17]} {[%emt 00:01:03]} 24. Nd4 {[%clk 00:23:41]} {[%emt
00:01:11]} Qa7 {[%clk 00:10:39]} {[%emt 00:01:49]} 25. Na5 {[%clk 00:19:19]}
{[%emt 00:04:32]} Qb6 {[%clk 00:09:37]} {[%emt 00:01:10]} 26. Nc4 {[%clk
00:19:28]} {[%emt 00:00:03]} Qa7 {[%clk 00:09:39]} {[%emt 00:00:08]} 27. Kf1
{[%clk 00:18:42]} {[%emt 00:00:55]} Qb7 {[%clk 00:09:11]} {[%emt 00:00:38]} 28.
f4 {[%clk 00:17:58]} {[%emt 00:00:54]} Nxf4 {[%clk 00:07:43]} {[%emt 00:01:39]}
29. Nd6 {[%clk 00:09:59]} {[%emt 00:08:08]} Qh1+ {[%clk 00:07:02]} {[%emt
00:00:51]} 30. Kf2 {[%clk 00:10:04]} {[%emt 00:00:06]} Qxh2+ {[%clk 00:06:44]}
{[%emt 00:00:28]} 31. Ke3 {[%clk 00:09:59]} {[%emt 00:00:15]} Nxe2 {[%emt
00:00:23]} 0-1

[Event "ABC-4 2025 Groep B"]
[Site "Utrecht"]
[Date "2025.03.16"]
[Round "5.3"]
[White "Darie, Aden"]
[Black "Heus, Daan"]
[Result "1-0"]
[WhiteFideId "8971622"]
[BlackFideId "8814652"]
[WhiteElo "1878"]
[BlackElo "1956"]

1. e4 {[%clk 00:55:17]} {[%emt 00:00:02]} e5 {[%clk 00:55:06]} {[%emt
00:00:15]} 2. Nf3 {[%clk 00:55:19]} {[%emt 00:00:07]} Nc6 {[%clk 00:55:13]}
{[%emt 00:00:03]} 3. Bb5 {[%clk 00:55:20]} {[%emt 00:00:08]} f5 {[%clk
00:54:28]} {[%emt 00:00:56]} 4. d3 {[%clk 00:55:24]} {[%emt 00:00:07]} fxe4
{[%clk 00:54:34]} {[%emt 00:00:05]} 5. dxe4 {[%clk 00:55:27]} {[%emt 00:00:06]}
Nf6 {[%clk 00:54:41]} {[%emt 00:00:03]} 6. Bg5 {[%clk 00:54:56]} {[%emt
00:00:41]} Bc5 {[%clk 00:54:02]} {[%emt 00:00:49]} 7. O-O {[%clk 00:54:22]}
{[%emt 00:00:43]} d6 {[%clk 00:53:27]} {[%emt 00:00:47]} 8. Nc3 {[%clk
00:53:09]} {[%emt 00:01:22]} O-O {[%clk 00:52:21]} {[%emt 00:01:16]} 9. Nd5
{[%clk 00:49:56]} {[%emt 00:03:23]} Kh8 {[%clk 00:51:34]} {[%emt 00:00:57]} 10.
Nh4 {[%clk 00:45:10]} {[%emt 00:04:55]} Qe8 {[%clk 00:48:08]} {[%emt 00:03:37]}
11. Bxf6 {[%clk 00:44:25]} {[%emt 00:00:54]} gxf6 {[%clk 00:48:01]} {[%emt
00:00:18]} 12. Nxc7 {[%clk 00:44:22]} {[%emt 00:00:14]} Qd8 {[%clk 00:45:55]}
{[%emt 00:02:15]} 13. Nxa8 {[%clk 00:44:05]} {[%emt 00:00:27]} Rg8 {[%clk
00:41:32]} {[%emt 00:04:33]} 14. Bc4 {[%clk 00:43:21]} {[%emt 00:00:54]} Rg4
{[%clk 00:40:50]} {[%emt 00:00:52]} 15. g3 {[%clk 00:42:07]} {[%emt 00:01:25]}
f5 {[%clk 00:38:23]} {[%emt 00:02:37]} 16. Ng2 {[%clk 00:41:43]} {[%emt
00:00:34]} f4 {[%clk 00:35:12]} {[%emt 00:03:22]} 17. Be2 {[%clk 00:41:48]}
{[%emt 00:00:05]} Rg7 {[%clk 00:34:30]} {[%emt 00:00:52]} 18. g4 {[%clk
00:40:40]} {[%emt 00:01:17]} Nd4 {[%clk 00:33:05]} {[%emt 00:01:35]} 19. h3
{[%clk 00:40:01]} {[%emt 00:00:49]} h5 {[%clk 00:32:14]} {[%emt 00:01:01]} 20.
b4 {[%clk 00:39:57]} {[%emt 00:00:15]} Nxe2+ {[%clk 00:30:35]} {[%emt
00:01:48]} 21. Qxe2 {[%clk 00:39:58]} {[%emt 00:00:09]} hxg4 {[%clk 00:30:26]}
{[%emt 00:00:19]} 22. bxc5 {[%clk 00:39:05]} {[%emt 00:01:03]} gxh3 {[%clk
00:30:05]} {[%emt 00:00:30]} 23. Qh5+ {[%clk 00:38:29]} {[%emt 00:00:46]} Kg8
{[%clk 00:29:40]} {[%emt 00:00:35]} 24. Rfd1 {[%clk 00:38:22]} {[%emt
00:00:18]} Rxg2+ {[%clk 00:28:55]} {[%emt 00:00:54]} 25. Kh1 {[%clk 00:36:55]}
{[%emt 00:01:37]} Qa5 {[%clk 00:17:20]} {[%emt 00:11:46]} 26. Rxd6 {[%clk
00:36:22]} {[%emt 00:00:43]} Qxc5 {[%clk 00:16:35]} {[%emt 00:00:55]} 27. Qe8+
{[%clk 00:36:12]} {[%emt 00:00:19]} Kh7 {[%clk 00:16:18]} {[%emt 00:00:28]} 28.
Qe7+ {[%clk 00:36:15]} {[%emt 00:00:07]} Rg7 {[%clk 00:16:13]} {[%emt
00:00:14]} 29. Rh6+ {[%clk 00:36:17]} {[%emt 00:00:08]} Kxh6 {[%clk 00:16:16]}
{[%emt 00:00:07]} 30. Qxc5 {[%clk 00:36:23]} {[%emt 00:00:05]} Bg4 {[%clk
00:16:14]} {[%emt 00:00:13]} 31. Rg1 {[%clk 00:36:10]} {[%emt 00:00:22]} 1-0